El año del gallo : diario de una madre adoptiva /

Hlavní autor: Boučková, Tereza, 1957-
Další autoři: Buixaderas López, Elena
Jazyk: Španělština
Vydáno: Madrid : Xorki, 2016
Vydání: 1ª edición en Ediciones Xorki
Edice: Narrativa Xorki
Témata:
Fyzický popis: 271 stran ; 21 cm
Knihy
Uloženo v:
LEADER 01834nam a2200517 i 4500
001 001526553
003 CZ BrMZK
005 20160531060800.0
007 ta
008 160516s2016 sp g 000 faspa
020 |a 978-84-945214-2-3  |q (vázáno) 
040 |a BOA001  |b cze  |e rda 
041 1 |a spa  |h cze 
045 |a x5y0 
072 7 |a 821.162.3-3  |x Česká próza  |2 Konspekt  |9 25 
072 7 |a 929  |x Biografie  |2 Konspekt  |9 8 
080 |a 821.162.3-31  |2 MRF 
080 |a 821.162.3-055.2  |2 MRF 
080 |a 929  |2 MRF 
080 |a (0:82-312.6)  |2 MRF 
100 1 |a Boučková, Tereza,  |d 1957-  |7 jn19990209069  |4 aut 
240 1 0 |a Rok kohouta.  |l Španělsky  |7 aun2016916472 
245 1 3 |a El año del gallo :  |b diario de una madre adoptiva /  |c Tereza Boučková ; traducción de Elena Bouixaderas 
250 |a 1ª edición en Ediciones Xorki 
264 1 |a Madrid :  |b Xorki,  |c 2016 
300 |a 271 stran ;  |c 21 cm 
336 |a text  |b txt  |2 rdacontent 
337 |a bez média  |b n  |2 rdamedia 
338 |a svazek  |b nc  |2 rdacarrier 
490 1 |a Narrativa Xorki ;  |v 12 
500 |a Přeloženo z češtiny 
600 1 7 |a Boučková, Tereza,  |d 1957-  |7 jn19990209069  |2 czenas 
648 4 |a 1957-2008 
648 7 |a 20.-21. století  |7 ch462155  |2 czenas 
650 0 7 |a české spisovatelky  |7 ph128153  |y 20.-21. století  |2 czenas 
650 0 9 |a Czech women authors  |y 20th-21st centuries  |2 eczenas 
655 7 |a české romány  |7 fd133974  |2 czenas 
655 7 |a autobiografické romány  |7 fd131852  |2 czenas 
655 9 |a Czech fiction  |2 eczenas 
655 9 |a autobiographical novels  |2 eczenas 
700 1 |a Buixaderas López, Elena  |4 trl 
830 0 |a Narrativa Xorki 
910 |a BOA001  |b 2-1366.675 
990 |a BK 
991 |b 201605  |c NOV 
996 7 |b 2610670532  |c 2-1366.675  |l MZK  |r Sklad / do 1 hodiny  |n 1  |p dar  |w 001561588  |u 000010  |a 1  |e BOA001  |j MZK50  |s A